Der klein pauly : lexicon der antike

Αποθηκεύτηκε σε:
Λεπτομέρειες βιβλιογραφικής εγγραφής
Κύριος συγγραφέας: Ziegler, Konrat, 1884-1974
Άλλοι συγγραφείς: Sontheimer, Walther
Μορφή: Βιβλίο
Γλώσσα:German
Δημοσίευση: Monchen : Deutscher Taschenbuch Verlag, 1979
Θέματα:
Ετικέτες: Προσθήκη ετικέτας
Δεν υπάρχουν, Καταχωρήστε ετικέτα πρώτοι!

MARC

LEADER 00000cam a2200000 i 4500
001 1/69052
008 931216s1979 ger d
020 |a 3-423-05963-X 
035 |a ΛΕΣΒΟΣb10002177  |l 10002177 
040 |a GR-MY-UA  |b gre  |e aacr 
041 0 |a ger 
082 0 |a 938.103 
100 1 |a Ziegler, Konrat,   |d 1884-1974. 
245 1 4 |a Der klein pauly :  |b lexicon der antike /  |c Konrat Ziegler and Walther Sontheimer 
260 |a Monchen :   |b Deutscher Taschenbuch Verlag,   |c 1979 
300 |a 5 v. 
650 0 |a Classical dictionaries. 
650 0 0 |a History, Ancient. 
651 0 |a Greece  |x History. 
700 1 |a Sontheimer, Walther. 
852 |a INST  |b LESVOS  |e 19931216  |h 938.103 ZIE  |p 005100023058  |q 005100023058  |t REF  |y 23  |z vol.5 
852 |a INST  |b LESVOS  |e 19931216  |h 938.103 ZIE  |p 005100023059  |q 005100023059  |t REF  |y 23  |z vol.4 
852 |a INST  |b LESVOS  |e 19931216  |h 938.103 ZIE  |p 005100023060  |q 005100023060  |t REF  |y 23  |z vol.3 
852 |a INST  |b LESVOS  |e 19931216  |h 938.103 ZIE  |p 005100023061  |q 005100023061  |t REF  |y 23  |z vol.2 
852 |a INST  |b LESVOS  |e 19931216  |h 938.103 ZIE  |p 005100023062  |q 005100023062  |t REF  |y 23  |z vol.1 
852 |a INST  |b LESVOS  |e 19931216  |h 938.103 ZIE  |p 005100023058  |q 005100023058  |t REF  |v vol.5:  |y 23  |z vol.5 
852 |a INST  |b LESVOS  |e 19931216  |h 938.103 ZIE  |p 005100023059  |q 005100023059  |t REF  |v vol.4:  |y 23  |z vol.4 
852 |a INST  |b LESVOS  |e 19931216  |h 938.103 ZIE  |p 005100023060  |q 005100023060  |t REF  |v vol.3:  |y 23  |z vol.3 
852 |a INST  |b LESVOS  |e 19931216  |h 938.103 ZIE  |p 005100023061  |q 005100023061  |t REF  |v vol.2:  |y 23  |z vol.2 
852 |a INST  |b LESVOS  |e 19931216  |h 938.103 ZIE  |p 005100023062  |q 005100023062  |t REF  |v vol.1:  |y 23  |z vol.1 
853 |a INST  |b LESVOS  |h 938.103 ZIE